000 00342nam a2200133Ia 4500
001 4592
008 241024s9999 xx 000 0 und d
082 _a374/G892m/2015-2016
100 _aGrupo San Valero
245 0 _aMemoria 2015-2016
260 _bEdiciones Universidad San Jorge
_c2016
901 _a8/3/2017 11:03:38 a.m.
999 _c10878
_d10878